00337nam a2200121Ia 4500008004100000041000800041082001700049100001600066245004500082260004900127300003000176365000900206240624s9999 xx 000 0 und d aeng a303.4833 FRE aFREEMAN LEE aINFORMATION ETHICS PRIVACY AND INTELLECT c2005aLondonbInformation Science Publishing axv, : 276 : p. : cm. ; 25 cb28